[Event "Titled Tuesday intern op 13th Feb Early"]
[Site "Chess.com INT"]
[Date "2024.02.13"]
[Round "8"]
[White "Cardozo Munar, Carlos Eduardo"]
[Black "Soderstrom, Adrian"]
[Result "0-1"]
[WhiteElo "2043"]
[BlackElo "2307"]
[PlyCount "70"]
[EventDate "2024.02.13"]
[EventType "swiss (blitz)"]
[EventRounds "11"]
[EventCountry "USA"]
[SourceTitle "CB08_2024"]
[SourceDate "2024.02.21"]
[SourceVersion "1"]
[SourceVersionDate "2024.02.21"]
[SourceQuality "1"]

1. g3 h5 2. Bg2 h4 3. d4 d5 4. c3 Nc6 5. Bf4 h3 6. Bf3 f6 7. e4 Be6 8. Nd2 g5 9. Be3 Qd7 10. exd5 Bxd5 11. Bxd5 Qxd5 12. Qf3 Qb5 13. Ne2 Nh6 14. c4 Qxb2 15. Rb1 Qxa2 16. Rxb7 Qa6 17. Rb1 g4 18. Qe4 f5 19. Qe6 Rb8 20. 0-0 Nb4 21. Rxb4 Qxe6 22. Rxb8+ Kf7 23. Nf4 Qd7 24. d5 Bg7 25. Rfb1 Rxb8 26. Rxb8 a5 27. c5 Qa4 28. Rb1 Bd4 29. Nf1 Ng8 30. d6 exd6 31. cxd6 cxd6 32. Rb7+ Ne7 33. Nd5 Bf6 34. Bf4 Qc6 35. Nfe3 Qxb7 0-1

[Event "Titled Tuesday intern op 13th Feb Early"]
[Site "Chess.com INT"]
[Date "2024.02.13"]
[Round "2"]
[White "Da Silva, Giovanni B Tavares"]
[Black "Soderstrom, Adrian"]
[Result "0-1"]
[WhiteElo "2016"]
[BlackElo "2307"]
[PlyCount "34"]
[EventDate "2024.02.13"]
[EventType "swiss (blitz)"]
[EventRounds "11"]
[EventCountry "USA"]
[SourceTitle "CB08_2024"]
[SourceDate "2024.02.21"]
[SourceVersion "1"]
[SourceVersionDate "2024.02.21"]
[SourceQuality "1"]

1. e4 e6 2. d4 d5 3. Nd2 dxe4 4. Nxe4 Bd7 5. Nf3 Bc6 6. Bd3 Nd7 7. 0-0 Ngf6 8. Nxf6+ Qxf6 9. Nd2 Qxd4 10. Qe2 Bd6 11. Nc4 Qd5 12. Nxd6+ cxd6 13. f3 0-0 14. Kh1 Qh5 15. Bf4 Ne5 16. Rad1 Nxd3 17. Rxd3 Bb5 0-1

[Event "Titled Tuesday intern op 13th Feb Late"]
[Site "Chess.com INT"]
[Date "2024.02.13"]
[Round "5"]
[White "Feliz Dotel, Dewar Bienvenido"]
[Black "Soderstrom, Adrian"]
[Result "0-1"]
[WhiteElo "2032"]
[BlackElo "2307"]
[PlyCount "92"]
[EventDate "2024.02.13"]
[EventType "swiss (blitz)"]
[EventRounds "11"]
[EventCountry "USA"]
[SourceTitle "CB08_2024"]
[SourceDate "2024.02.21"]
[SourceVersion "1"]
[SourceVersionDate "2024.02.21"]
[SourceQuality "1"]

1. d4 Nf6 2. e3 d5 3. Nf3 c5 4. dxc5 e6 5. c4 Bxc5 6. cxd5 exd5 7. Be2 0-0 8. 0-0 Nc6 9. a3 Re8 10. b4 Bb6 11. Bb2 Ne4 12. Nc3 Be6 13. Nxe4 dxe4 14. Qxd8 Raxd8 15. Nd4 Nxd4 16. exd4 Bxd4 17. Bxd4 Rxd4 18. Rfd1 Red8 19. Kf1 f5 20. Ke1 Rxd1+ 21. Rxd1 Rxd1+ 22. Kxd1 Kf7 23. Kd2 f4 24. g3 g5 25. Kc3 Bf5 26. Kd4 Ke6 27. Bc4+ Kd6 28. Bf7 b6 29. b5 e3 30. fxe3 f3 31. Bc4 Bh3 32. e4 f2 33. e5+ Ke7 34. Ke4 f1Q 35. Bxf1 Bxf1 36. Kf5 Bxb5 37. Kxg5 Ke6 38. Kh6 Bd3 39. h4 b5 40. g4 a5 41. g5 b4 42. h5 bxa3 43. Kg7 a2 44. g6 Bxg6 45. hxg6 hxg6 46. Kxg6 a1Q 0-1

[Event "Titled Tuesday intern op 13th Feb Late"]
[Site "Chess.com INT"]
[Date "2024.02.13"]
[Round "8"]
[White "Mendes, Aaron Reeve"]
[Black "Soderstrom, Adrian"]
[Result "0-1"]
[WhiteElo "2309"]
[BlackElo "2307"]
[PlyCount "96"]
[EventDate "2024.02.13"]
[EventType "swiss (blitz)"]
[EventRounds "11"]
[EventCountry "USA"]
[SourceTitle "CB08_2024"]
[SourceDate "2024.02.21"]
[SourceVersion "1"]
[SourceVersionDate "2024.02.21"]
[SourceQuality "1"]

1. e4 e6 2. Nf3 d5 3. Nc3 dxe4 4. Nxe4 Bd7 5. d4 Bc6 6. Bd3 Nd7 7. 0-0 Ngf6 8. Re1 Nxe4 9. Bxe4 Bxe4 10. Rxe4 Nf6 11. Bg5 Be7 12. Bxf6 Bxf6 13. Qe2 0-0 14. Re1 Qd5 15. c4 Qa5 16. b3 Rad8 17. h4 c5 18. dxc5 Qxc5 19. g4 Be7 20. Kg2 Rd6 21. h5 h6 22. Re5 Qc7 23. Qe3 Bf6 24. Re4 b6 25. Re2 Rfd8 26. Qf4 Qc5 27. Ne5 Rd4 28. Nf3 Rd3 29. R2e3 Rd1 30. Ne5 R1d4 31. Nf3 Rxe4 32. Qxe4 Qc7 33. Re2 Bc3 34. g5 hxg5 35. Nxg5 Rd4 36. Qh7+ Kf8 37. Qh8+ Ke7 38. Nxe6 Rg4+ 39. Kf3 fxe6 40. Kxg4 Qh2 41. Re3 Qg2+ 42. Rg3 Qe4+ 43. Kh3 Qh1+ 44. Kg4 Qd1+ 45. f3 Qd3 46. Kh3 Qf1+ 47. Kg4 Qb1 48. Kf4 Bd2+ 0-1

[Event "Titled Tuesday intern op 13th Feb Late"]
[Site "Chess.com INT"]
[Date "2024.02.13"]
[Round "7"]
[White "Soderstrom, Adrian"]
[Black "Prohaszka, Peter"]
[Result "0-1"]
[WhiteElo "2307"]
[BlackElo "2578"]
[PlyCount "58"]
[EventDate "2024.02.13"]
[EventType "swiss (blitz)"]
[EventRounds "11"]
[EventCountry "USA"]
[SourceTitle "CB08_2024"]
[SourceDate "2024.02.21"]
[SourceVersion "1"]
[SourceVersionDate "2024.02.21"]
[SourceQuality "1"]

1. e4 c6 2. d4 d5 3. Nd2 dxe4 4. Nxe4 Nf6 5. Nxf6+ gxf6 6. Nf3 Bg4 7. Be2 Nd7 8. 0-0 Qc7 9. Nh4 Bxe2 10. Qxe2 e6 11. g3 0-0-0 12. a4 f5 13. a5 Bd6 14. a6 b6 15. c3 Rhg8 16. Qf3 Rg4 17. Ng2 Rdg8 18. b4 b5 19. Kh1 Nb6 20. Bf4 h5 21. Bxd6 Qxd6 22. Ne3 R4g6 23. Qxh5 f4 24. Ng2 Nd5 25. Qf3 Rh8 26. Nxf4 Rgh6 27. h4 Nxf4 28. Qxf4 Qxf4 29. gxf4 Rg8 0-1

[Event "Titled Tuesday intern op 06th Feb Early"]
[Site "Chess.com INT"]
[Date "2024.02.06"]
[Round "10"]
[White "Soderstrom, Adrian"]
[Black "Banh, Gia Huy"]
[Result "0-1"]
[WhiteElo "2307"]
[BlackElo "2390"]
[PlyCount "84"]
[EventDate "2024.02.06"]
[EventType "swiss (blitz)"]
[EventRounds "11"]
[EventCountry "USA"]
[SourceTitle "CB07_2024"]
[SourceDate "2024.02.14"]
[SourceVersion "1"]
[SourceVersionDate "2024.02.14"]
[SourceQuality "1"]

1. e4 e6 2. d4 d5 3. Nc3 Bb4 4. exd5 exd5 5. Bd3 Nf6 6. Nf3 0-0 7. 0-0 Bg4 8. h3 Bh5 9. Bg5 c6 10. Re1 Nbd7 11. Re5 Nxe5 12. dxe5 h6 13. Bxf6 gxf6 14. Qd2 Kg7 15. Qf4 Bxc3 16. bxc3 Bg6 17. Re1 Re8 18. h4 fxe5 19. Nxe5 Qf6 20. Qg3 Kh7 21. f4 Bxd3 22. Qxd3+ Kh8 23. Qd4 Kg8 24. Re3 Qxh4 25. Qd3 Rxe5 26. fxe5 Kh8 27. Rh3 Qg5 28. Qd4 Rg8 29. e6+ Kh7 30. Qd3+ f5 31. Qe2 Qc1+ 32. Kh2 Qf4+ 33. Kg1 Qe4 34. Re3 Rxg2+ 35. Kf1 Rxe2 36. Rxe2 Qh1+ 37. Kf2 Qh4+ 38. Kf1 Qe7 39. Kf2 Kg6 40. Kf3 Kf6 41. Rh2 Kxe6 42. Re2+ Kf6 0-1

[Event "Wch U16"]
[Site "Montesilvano"]
[Date "2023.11.22"]
[Round "9"]
[White "Colev, Ivor"]
[Black "Soderstrom, Adrian"]
[Result "1/2-1/2"]
[WhiteElo "2102"]
[BlackElo "2330"]
[PlyCount "62"]
[EventDate "2023.11.13"]
[EventType "swiss"]
[EventRounds "11"]
[EventCountry "ITA"]
[SourceTitle "CB48_2023"]
[SourceDate "2023.11.29"]
[SourceVersion "1"]
[SourceVersionDate "2023.11.29"]
[SourceQuality "1"]

1. e4 e5 2. Nf3 Nc6 3. Bb5 a6 4. Ba4 Nf6 5. d3 b5 6. Bb3 Be7 7. 0-0 0-0 8. a3 d6 9. Nc3 Bg4 10. Be3 Na5 11. Ba2 c5 12. b4 Nc6 13. Nd5 Nd4 14. Bxd4 cxd4 15. h3 Be6 16. Nxf6+ Bxf6 17. Bxe6 fxe6 18. c3 dxc3 19. Qb3 Qd7 20. Rfc1 Rfc8 21. Rxc3 Rxc3 22. Qxc3 Rc8 23. Qb3 Kf7 24. a4 Rc7 25. axb5 axb5 26. Ra6 Rc6 27. Qa2 h6 28. Kh2 Rc7 29. Ra8 Qc6 30. Ra6 Qd7 31. Ra8 Qc6 1/2-1/2

[Event "Titled Tuesday intern op 15th Aug Late"]
[Site "Chess.com INT"]
[Date "2023.08.15"]
[Round "10"]
[White "Mikhailov, Viacheslav"]
[Black "Soderstrom, Adrian"]
[Result "1-0"]
[WhiteElo "2428"]
[BlackElo "2319"]
[PlyCount "119"]
[EventDate "2023.08.15"]
[EventType "swiss (blitz)"]
[EventRounds "11"]
[EventCountry "USA"]
[SourceTitle "EXT 2024"]
[Source "ChessBase"]
[SourceDate "2023.10.10"]
[SourceVersion "1"]
[SourceVersionDate "2023.10.10"]
[SourceQuality "1"]

1. Nf3 g5 2. Nxg5 e5 3. Ne4 d5 4. Ng3 h5 5. e4 h4 6. Nf5 dxe4 7. Ne3 f5 8. Be2 Nf6 9. d3 h3 10. dxe4 Qxd1+ 11. Bxd1 hxg2 12. Nxg2 Nxe4 13. Nd2 Nc6 14. Nxe4 fxe4 15. h4 Nd4 16. Bg5 Be7 17. Bxe7 Kxe7 18. c3 Nf3+ 19. Bxf3 exf3 20. Ne3 Be6 21. 0-0-0 Rh5 22. Rdg1 Rah8 23. Rg7+ Bf7 24. Re1 Kf6 25. Rg3 Be6 26. Rxf3+ Ke7 27. Rg3 Rxh4 28. Rg7+ Bf7 29. Nf5+ Kf6 30. Rxf7+ Kxf7 31. Nxh4 Rxh4 32. Rxe5 Rh2 33. Rf5+ Ke6 34. Rf3 a5 35. Kc2 a4 36. Kd3 Rh1 37. Re3+ Kd6 38. Re2 b5 39. Kc2 Rf1 40. a3 c5 41. Kd3 Rd1+ 42. Ke4 Ke6 43. f4 Rf1 44. Rh2 Re1+ 45. Kf3 Kd5 46. Rd2+ Kc4 47. f5 Re5 48. Kf4 Re1 49. f6 Rf1+ 50. Ke5 Kb3 51. Ke6 b4 52. cxb4 cxb4 53. axb4 Kxb4 54. Rd4+ Kb3 55. f7 Re1+ 56. Kf5 Rf1+ 57. Rf4 Rxf4+ 58. Kxf4 Kxb2 59. f8Q a3 60. Qb4+ 1-0

[Event "Titled Tuesday intern op 15th Aug Late"]
[Site "Chess.com INT"]
[Date "2023.08.15"]
[Round "9"]
[White "Soderstrom, Adrian"]
[Black "Andreikin, Dmitry"]
[Result "0-1"]
[WhiteElo "2319"]
[BlackElo "2729"]
[PlyCount "74"]
[EventDate "2023.08.15"]
[EventType "swiss (blitz)"]
[EventRounds "11"]
[EventCountry "USA"]
[SourceTitle "EXT 2024"]
[Source "ChessBase"]
[SourceDate "2023.10.10"]
[SourceVersion "1"]
[SourceVersionDate "2023.10.10"]
[SourceQuality "1"]

1. h4 d5 2. d4 c5 3. e4 e6 4. exd5 exd5 5. Nf3 Nc6 6. Bb5 Nf6 7. 0-0 Be7 8. dxc5 Bxc5 9. Re1+ Be6 10. Nd4 0-0 11. Bxc6 bxc6 12. Be3 Ng4 13. Nxe6 Nxe3 14. Nxd8 Nxd1 15. Rxd1 Rfxd8 16. Nd2 Rab8 17. Nb3 Bb6 18. c3 a5 19. Rd2 Re8 20. g3 Re4 21. Nd4 Rc8 22. Kg2 g6 23. Re2 f5 24. Rxe4 dxe4 25. Rd1 Rd8 26. Rd2 a4 27. b3 c5 28. bxa4 cxd4 29. cxd4 Rxd4 30. Rb2 Ba5 31. Rb7 Rxa4 32. Ra7 Rxa2 33. h5 Rxf2+ 34. Kh3 Bd2 35. hxg6 hxg6 36. g4 e3 37. Kh4 e2 0-1

[Event "Titled Tuesday intern op 15th Aug Late"]
[Site "Chess.com INT"]
[Date "2023.08.15"]
[Round "11"]
[White "Soderstrom, Adrian"]
[Black "Hristodoulou, Panagiotis"]
[Result "1-0"]
[WhiteElo "2319"]
[BlackElo "2358"]
[PlyCount "99"]
[EventDate "2023.08.15"]
[EventType "swiss (blitz)"]
[EventRounds "11"]
[EventCountry "USA"]
[SourceTitle "EXT 2024"]
[Source "ChessBase"]
[SourceDate "2023.10.10"]
[SourceVersion "1"]
[SourceVersionDate "2023.10.10"]
[SourceQuality "1"]

1. h4 d5 2. d4 Nf6 3. Nc3 c5 4. e4 Nxe4 5. Nxe4 dxe4 6. d5 a6 7. a4 e6 8. Bc4 exd5 9. Bxd5 Be7 10. Bg5 0-0 11. Bxe4 Re8 12. Qxd8 Bxd8 13. 0-0-0 Bc7 14. f3 Nd7 15. Bxb7 Bxb7 16. Rxd7 Rac8 17. Nh3 Bc6 18. Rd2 Bxa4 19. Bf4 Ba5 20. c3 Bb3 21. Ng5 f5 22. g4 h6 23. Nh3 Be6 24. g5 h5 25. Bd6 c4 26. Nf4 Bc7 27. Re1 Bxd6 28. Nxe6 Rxe6 29. Rxe6 Bf4 30. Kc2 Bxd2 31. Kxd2 Rd8+ 32. Kc2 Rd3 33. g6 Kf8 34. f4 Rf3 35. Rxa6 Rxf4 36. Ra7 Rxh4 37. Rf7+ Ke8 38. Rxf5 Rh2+ 39. Kb1 Rg2 40. Rxh5 Rxg6 41. Rc5 Rg4 42. Ka2 Ke7 43. Ka3 Kf6 44. Kb4 g5 45. Rxc4 Rxc4+ 46. Kxc4 Ke5 47. Kd3 Kf4 48. Ke2 Kg3 49. b4 g4 50. b5 1-0

[Event "Titled Tuesday intern op 15th Aug Late"]
[Site "Chess.com INT"]
[Date "2023.08.15"]
[Round "4"]
[White "Soderstrom, Adrian"]
[Black "Rustemov, Alexander"]
[Result "1-0"]
[WhiteElo "2319"]
[BlackElo "2525"]
[PlyCount "121"]
[EventDate "2023.08.15"]
[EventType "swiss (blitz)"]
[EventRounds "11"]
[EventCountry "USA"]
[SourceTitle "EXT 2024"]
[Source "ChessBase"]
[SourceDate "2023.10.10"]
[SourceVersion "1"]
[SourceVersionDate "2023.10.10"]
[SourceQuality "1"]

1. h4 d5 2. d4 Nf6 3. Nc3 c5 4. e4 Nxe4 5. Nxe4 dxe4 6. d5 Nd7 7. Ne2 Nf6 8. Nc3 a6 9. a4 g6 10. h5 Nxh5 11. Rxh5 gxh5 12. Qxh5 Qd6 13. Nxe4 Qg6 14. Qh4 Bg7 15. d6 exd6 16. Bd3 Bf5 17. Nxd6+ Qxd6 18. Bxf5 Qe5+ 19. Be4 h6 20. Ra3 0-0 21. Bxh6 Rfe8 22. Re3 Bxh6 23. Qxh6 Qg7 24. Qh4 Kf8 25. Kf1 Re6 26. Rg3 Qf6 27. Qh7 Ke7 28. Rf3 Rh8 29. Rxf6 Rxh7 30. Rxe6+ Kxe6 31. Bxh7 f5 32. f4 Kf6 33. Bg8 b5 34. axb5 axb5 35. Bd5 Ke7 36. Ke2 Kd6 37. Bf7 b4 38. b3 Ke7 39. Bc4 Kd6 40. Kf3 Ke7 41. g4 fxg4+ 42. Kxg4 Kf6 43. f5 Ke7 44. Kf4 Kf8 45. Ke5 Ke7 46. f6+ Kf8 47. Kd6 Ke8 48. Kxc5 Kf8 49. Kxb4 Ke8 50. Kc5 Kf8 51. b4 Ke8 52. b5 Kd8 53. b6 Kd7 54. b7 Kc7 55. f7 Kxb7 56. f8Q Kc7 57. Qe7+ Kc8 58. Be6+ Kb8 59. Qd8+ Ka7 60. Qb6+ Ka8 61. Bd5# 1-0

[Event "SWE-chB"]
[Site "Helsingborg"]
[Date "2023.07.03"]
[Round "3"]
[White "Soderstrom, Adrian"]
[Black "Lindberg, Bengt"]
[Result "1-0"]
[WhiteElo "2311"]
[BlackElo "2353"]
[PlyCount "139"]
[EventDate "2023.07.01"]
[EventType "tourn"]
[EventRounds "9"]
[EventCountry "SWE"]
[EventCategory "4"]
[SourceTitle "CBM 215 Extra"]
[Source "ChessBase"]
[SourceDate "2023.09.30"]
[SourceVersion "1"]
[SourceVersionDate "2023.09.30"]
[SourceQuality "1"]

1. d4 Nf6 2. c4 e6 3. g3 d5 4. Bg2 Be7 5. Nf3 0-0 6. 0-0 dxc4 7. Qc2 a6 8. a4 Bd7 9. Qxc4 Bc6 10. Bf4 a5 11. Nc3 Na6 12. Rac1 Nb4 13. Ne5 Bxg2 14. Kxg2 Nfd5 15. Nxd5 Nxd5 16. Bd2 c6 17. Rfd1 Nb6 18. Qb3 Qd5+ 19. Qxd5 Nxd5 20. Nc4 Bb4 21. e4 Bxd2 22. Rxd2 Nb4 23. Rc3 Rfb8 24. Ne5 Rd8 25. Kf1 f6 26. Nc4 Ra6 27. Rb3 b6 28. Ke2 Rb8 29. Ne3 b5 30. axb5 cxb5 31. d5 exd5 32. exd5 Rd8 33. Rc3 Rd7 34. Rc8+ Kf7 35. Rb8 Na2 36. Rxb5 a4 37. Rc2 a3 38. bxa3 Rxa3 39. Rbc5 Nb4 40. Rc7 Ra7 41. Rxa7 Rxa7 42. Rb2 Ra4 43. Rd2 Ra8 44. Kf3 g6 45. Rd4 Rb8 46. Rc4 Rb7 47. Ke4 Na6 48. Kd4 Nb8 49. Ra4 Nd7 50. Nc4 Rb1 51. Ra2 h5 52. Rd2 Rh1 53. d6 Rc1 54. Kd5 Nf8 55. Ra2 Nd7 56. Re2 Nf8 57. Re7+ Kg8 58. d7 Nxd7 59. Rxd7 Rc2 60. f4 Rxh2 61. Ke6 h4 62. Kxf6 hxg3 63. Ne5 Ra2 64. Rg7+ Kf8 65. Nxg6+ Ke8 66. Rg8+ Kd7 67. Ne5+ Kd6 68. Rxg3 Rf2 69. Rd3+ Kc5 70. f5 1-0

[Event "Colonia de Sant Jordi 2nd"]
[Site "Colonia de Sant Jordi"]
[Date "2023.06.11"]
[Round "3"]
[White "Soderstrom, Adrian"]
[Black "Savitha Shri, B."]
[Result "0-1"]
[WhiteElo "2356"]
[BlackElo "2418"]
[PlyCount "118"]
[EventDate "2023.06.09"]
[EventType "tourn"]
[EventRounds "9"]
[EventCountry "ESP"]
[EventCategory "7"]
[SourceTitle "CBM 214 Extra"]
[Source "ChessBase"]
[SourceDate "2023.07.31"]
[SourceVersion "1"]
[SourceVersionDate "2023.07.31"]
[SourceQuality "1"]

1. d4 Nf6 2. c4 e6 3. Nf3 d5 4. Nc3 Bb4 5. Qa4+ Nc6 6. a3 Bxc3+ 7. bxc3 0-0 8. Bg5 h6 9. Bh4 Bd7 10. Qc2 Re8 11. e3 Rb8 12. Rd1 Qe7 13. Ne5 g5 14. Bg3 Nxe5 15. Bxe5 Ng4 16. h4 Qxa3 17. Qd2 Ba4 18. Rc1 Nxe5 19. dxe5 Rbd8 20. e4 d4 21. Be2 dxc3 22. Qe3 Qb2 23. Rxc3 Qa1+ 24. Rc1 Qd4 25. hxg5 Qxe3 26. fxe3 hxg5 27. Rh5 Bc6 28. Rxg5+ Kf8 29. Rg4 Ke7 30. Ra1 a6 31. Rf4 Rh8 32. Kf2 Rdg8 33. Bg4 Rg5 34. Ra5 Ra8 35. Bf3 b6 36. Ra1 Rxe5 37. Rh1 a5 38. Bh5 Rf8 39. Bf3 a4 40. Ra1 Rd8 41. Ke2 Rc5 42. e5 Be8 43. Re4 Ra8 44. Kd3 Bc6 45. Rd4 Bxf3 46. gxf3 Rxe5 47. Ra3 c6 48. f4 Rh5 49. Kc3 b5 50. cxb5 cxb5 51. Kb4 Rd8 52. Rxd8 Kxd8 53. e4 Kc7 54. f5 exf5 55. Rc3+ Kd6 56. Rc5 Rh4 57. Rxf5 Rxe4+ 58. Kxb5 Re5+ 59. Rxe5 Kxe5 0-1

[Event "Colonia de Sant Jordi 2nd"]
[Site "Colonia de Sant Jordi"]
[Date "2023.06.10"]
[Round "2"]
[White "Campos Moreno, Javier B"]
[Black "Soderstrom, Adrian"]
[Result "1-0"]
[WhiteElo "2408"]
[BlackElo "2356"]
[PlyCount "166"]
[EventDate "2023.06.09"]
[EventType "tourn"]
[EventRounds "9"]
[EventCountry "ESP"]
[EventCategory "7"]
[SourceTitle "CBM 214 Extra"]
[Source "ChessBase"]
[SourceDate "2023.07.31"]
[SourceVersion "1"]
[SourceVersionDate "2023.07.31"]
[SourceQuality "1"]

1. d4 d5 2. c4 c6 3. Nf3 Nf6 4. e3 Bf5 5. cxd5 cxd5 6. Qb3 Qc7 7. Bd2 e6 8. Bb5+ Nc6 9. 0-0 Bd6 10. Bb4 0-0 11. Bxc6 bxc6 12. Nbd2 Rab8 13. Bxd6 Qxd6 14. Qc3 Qb4 15. Qxb4 Rxb4 16. b3 Nd7 17. Rfc1 Rb6 18. Rc3 Rc8 19. Rac1 a5 20. Ne5 Nb8 21. g4 Bg6 22. Rc5 Ra6 23. Rb5 f6 24. Nxg6 hxg6 25. Rb7 Ra8 26. Rc5 Kf8 27. Nf3 g5 28. h4 Re8 29. hxg5 Re7 30. Rxe7 Kxe7 31. gxf6+ gxf6 32. g5 fxg5 33. Ne5 Ra6 34. Kg2 Kd6 35. Kg3 Nd7 36. Nxd7 Kxd7 37. Kg4 Ra8 38. Kxg5 Rg8+ 39. Kf4 Ra8 40. Kf3 Kd6 41. Rc3 Rh8 42. Rc5 Ra8 43. Rc1 Rf8+ 44. Ke2 Rb8 45. Kd3 Rf8 46. Rc2 Rf7 47. f4 Rh7 48. Rc5 Ra7 49. e4 dxe4+ 50. Kxe4 Ra8 51. Rh5 Ra7 52. Rh6 Rf7 53. Rh8 Rf5 54. Rd8+ Kc7 55. Rg8 Rf7 56. Rg5 a4 57. b4 Kd6 58. Ra5 Rh7 59. Rxa4 Rh1 60. Ra3 Re1+ 61. Re3 Ra1 62. a3 Ra2 63. Rh3 Ra1 64. Rh6 Re1+ 65. Kd3 Rf1 66. Ke3 Re1+ 67. Kf2 Re4 68. Kf3 Rxd4 69. f5 Rd3+ 70. Kf4 Rxa3 71. Rxe6+ Kd7 72. Re4 Ra4 73. f6 Ra1 74. Kg5 Rg1+ 75. Kh6 Rf1 76. Kg7 Kd6 77. f7 Rg1+ 78. Kf8 Kd5 79. Rh4 Rf1 80. Rh6 Rg1 81. Ke7 Re1+ 82. Kf6 Kc4 83. Rh4+ Kd5 1-0